| 000 | 00731nam a22002057a 4500 | ||
|---|---|---|---|
| 003 | OSt | ||
| 005 | 20240530005407.0 | ||
| 008 | 240530b |||||||| |||| 00| 0 eng d | ||
| 020 | _a9786219524230 | ||
| 040 |
_aDWC- Main Lib _cOC |
||
| 082 | _aFil. 657.4507 D671r 2017 | ||
| 100 | _aDomingo, Andrix D. | ||
| 245 |
_aRFBT( Regulatory framework for business transaction) MCQ (multiple choice questions): _b CPA Reviewer/ _cAndrix D. Domingo. |
||
| 250 | _a 2017 edition | ||
| 260 |
_aBenguet, Philippines : _bCoaching for results publishing, _cc2017. |
||
| 300 |
_a1007 pages : _b illustrations ; _c23cm. |
||
| 650 | _a1. Accounting- Examination – Study guide | ||
| 650 | _a2. Business Law | ||
| 942 |
_2ddc _cBK - FIL _e 2017 edition _n1 |
||
| 999 |
_c73 _d73 |
||